[Event "Cap Aurora op 21st"]
[Site "Cap Aurora"]
[Date "2017.06.24"]
[Round "1"]
[White "David, Alexandru Vasile"]
[Black "Fetcu, Marius Eugen"]
[Result "1-0"]
[WhiteElo "2401"]
[BlackElo "1725"]
[PlyCount "71"]
[EventDate "2017.06.24"]
[EventType "swiss"]
[EventRounds "9"]
[EventCountry "ROU"]
[SourceTitle "CBM 179 Extra"]
[Source "ChessBase"]
[SourceDate "2017.08.23"]
[SourceVersion "1"]
[SourceVersionDate "2017.08.23"]
[SourceQuality "1"]

1. d4 d5 2. c4 dxc4 3. e3 Nf6 4. Bxc4 e6 5. Nf3 Bd6 6. Nc3 0-0 7. 0-0 c6 8. e4 Be7 9. Qe2 Qa5 10. e5 Nd5 11. Ne4 Nd7 12. Bg5 Bxg5 13. Nexg5 h6 14. Ne4 N7b6 15. Bb3 Nf4 16. Qc2 Nbd5 17. Rfc1 Qd8 18. Qd2 Qe7 19. a3 Rd8 20. Ba2 Bd7 21. Nd6 Be8 22. Ne4 Ng6 23. Re1 Nh4 24. Nxh4 Qxh4 25. Nd6 Rab8 26. Bxd5 exd5 27. Rac1 Bd7 28. b4 Be6 29. f4 Qh5 30. h3 Qg6 31. Rc3 h5 32. Qf2 Bf5 33. Rg3 Qe6 34. Rg5 Bg6 35. f5 Qe7 36. h4 1-0